Bolivia City Quiz - Statistics

General Stats
  • This quiz has been taken 24 times
  • The average score is 6 of 9
Answer Stats
City % Correct
La Paz
100%
Sucre
100%
Santa Cruz
90%
Cochabamba
60%
Oruro
55%
El Alto
50%
Potosi
50%
Tarija
45%
Sacaba
10%
No matching quizzes found
Score Distribution
Percent of People with Each Score
Percentile by Number Answered
Your Score History
You have not taken this quiz